| 000 | 01353nam a2200265Ia 4500 | ||
|---|---|---|---|
| 999 |
_c56231 _d56231 |
||
| 001 | 23332 | ||
| 003 | GE_BSU | ||
| 005 | 20260109152838.0 | ||
| 008 | 181216s1968||||ge |||||||||||||| ||geo|| | ||
| 040 | _cGE_BSU | ||
| 041 | _ageo | ||
| 080 | _a94(395.3) + 94(479.222.2) ლ-82 | ||
| 100 |
_aლომოური, ნოდარ _95830 |
||
| 245 |
_aეგრისის სამეფოს ისტორია : _bწარმოქმნიდან ახ. წ. V ს. ბოლომდე / _cნოდარ ლომოური ; რედ.: ო. ლორთქიფანიძე. |
||
| 264 |
_aთბილისი : _bთბილ. უნ-ტის გამ-ბა, _c1968. |
||
| 300 |
_a151გვ. : _b 5 ფ. ილ. ; _c21სმ. |
||
| 504 | _aბიბლიოგრაფია ტექსტის შენიშვნებში | ||
| 520 | _aრეზიუმე რუს. და ინგლ. ენ. გვ. 121-140 | ||
| 541 | _h3 ლ. | ||
| 653 | _aეგრისის სამეფო | ||
| 653 | _aეგრისის სამეფოს ისტორია : წარმოქმნიდან ახ. წ. V ს. ბოლომდე | ||
| 653 | _aისტორია | ||
| 700 |
_aლორთქიფანიძე, ოთ. _eრედაქტორი _918351 |
||
| 942 |
_cBK _2udc |
||